000 00418nam a2200169Ia 4500
005 20250508160805.0
008 008 250505s9999 xx 000 0 hin d
037 _aTextual
040 _aFEDL
_beng
_cFEDL
041 _ahin
_2eng
084 _aFH, SRI
_qFEDL
100 _aSri Krishan
245 0 _aPuraskrit hindi kahaniya
300 _a270p.
942 _cTEXL
_hFH, SRI
999 _c1366646
_d1366646